The human sciences and philosophy /
Salvato in:
| Autore principale: | |
|---|---|
| Natura: | Sconosciuto |
| Lingua: | English |
| Pubblicazione: |
Londres :
Grossman,
1969.
|
| Soggetti: | |
| Tags: |
Aggiungi Tag
Nessun Tag, puoi essere il primo ad aggiungerne!!
|
MARC
| LEADER | 000000000a22000000004500 | ||
|---|---|---|---|
| 001 | 012498 | ||
| 041 | 0 | |a eng | |
| 082 | 0 | 4 | |a 301.01 |b G619e |
| 100 | 1 | |a Goldmann, Lucien | |
| 245 | 1 | 4 | |a The human sciences and philosophy / |c Lucien Goldmann. |
| 260 | 1 | |a Londres : |b Grossman, |c 1969. | |
| 300 | |a 156 páginas | ||
| 650 | 4 | |a SOCIOLOGIA | |
| 650 | 4 | |a METODOLOGIA | |
| 650 | 4 | |a FILOSOFIA | |
| 500 | |a Colección George Yúdice | ||
| 999 | |c 18461 |d 18461 | ||
| 942 | |c BK |h 301.01 G619e |2 z | ||
